Statistiques concernant Classement eurovision 2019

Cliquez ici pour prendre le quiz!

Statistiques générales

  • Ce quiz a été pris 463 fois
  • Le résultat moyen est 20 sur 26

Statistiques - réponses

PlacePays% Correct
16France
99%
2Italie
99%
1Pays Bas
97%
22Espagne
95%
26Royaume Uni
93%
5Suède
93%
3Russie
92%
25Allemagne
91%
6Norvège
91%
4Suisse
84%
23Israel
81%
21Grèce
76%
13Chypre
73%
10Islande
73%
14Malte
72%
9Australie
69%
18Serbie
69%
12Danemark
68%
20Estonie
68%
7Macédoine
67%
15Slovénie
67%
24Biélorussie
64%
11République Tchèque
64%
17Albanie
62%
19Saint Marin
50%
8Azerbaijan
36%

Distribution des résultats

Percentile par nombre de réponses

% des personnes avec chaque résultat

Votre développement - résultats

Vous n’avez pas pris ce quiz